|
|
|
|
| LEADER |
01205nam a2200349 a 4500 |
| 001 |
nkc20061656641 |
| 003 |
CZ PrNK |
| 005 |
20060728154659.0 |
| 007 |
ta |
| 008 |
060525s2006 xr a g 000 p cze |
| 015 |
|
|
|a cnb001656641
|
| 020 |
|
|
|a 80-86937-12-7
|q (Knihovna Jana Drdy ;
|q brož.)
|
| 020 |
|
|
|a 80-86818-18-7
|q (Pavel Mervart ;
|q brož.)
|
| 035 |
|
|
|a (OCoLC)71194721
|
| 040 |
|
|
|a OLA001
|b cze
|d ABA001
|
| 072 |
|
7 |
|a 821.162.3-1
|x Česká poezie
|2 Konspekt
|9 25
|
| 080 |
|
|
|a 821.162.3-1
|2 MRF
|
| 080 |
|
|
|a (0:82-1)
|2 MRF
|
| 100 |
1 |
|
|a Koblasa, Jan,
|d 1932-2017
|7 jn19990218047
|4 aut
|
| 245 |
1 |
0 |
|a O tom /
|c Jan Koblasa
|
| 250 |
|
|
|a Vyd. 1.
|
| 260 |
|
|
|a Příbram :
|b Knihovna Jana Drdy ;
|a Červený Kostelec :
|b Pavel Mervart,
|c 2006
|
| 300 |
|
|
|a 112 s. :
|b il. ;
|c 21 cm
|
| 490 |
1 |
|
|a Edice současné české poezie ;
|v sv. 35
|
| 655 |
|
7 |
|a česká poezie
|7 fd133958
|2 czenas
|
| 655 |
|
9 |
|a Czech poetry
|2 eczenas
|
| 830 |
|
0 |
|a Edice současné české poezie (Knihovna Jana Drdy : Pavel Mervart)
|0 s
|
| 910 |
2 |
|
|a BOA001
|b 2-1170.164
|
| 990 |
|
|
|a BK
|
| 995 |
|
|
|a 01
|
| 991 |
|
|
|b 200606
|
| 996 |
6 |
|
|b 2610282422
|c 2-1170.164
|l MZK
|r Sklad / do 1 hodiny
|n 5
|p p.v.
|w 000818089
|u 000010
|a 1
|e BOA001
|j MZK50
|s P
|